| 000 | 00664nam a2200193 i 4500 | ||
|---|---|---|---|
| 001 | 61493 | ||
| 003 | ES-MaACL | ||
| 005 | 20240416102836.0 | ||
| 007 | t| | ||
| 008 | 031112s1968 sp ||||1| spa d | ||
| 100 | 1 |
_aEvtushenko, Evgueniï Aleksandrovich. _948409 |
|
| 245 | 1 | 0 |
_aEntre la ciudad sí y la ciudad no / _cEvgueni Evtuchenko ; versión de Jesús López Pacheco sobre la traducción directa de Natalia Ivanova. |
| 260 |
_aMadrid : _bAlianza, _c[1968] |
||
| 300 |
_a182 p. ; _c18 cm. |
||
| 700 | 1 |
_aLópez Pacheco, Jesús, _d1930-1997 _973855 |
|
| 700 | 1 |
_aIvanova, Natalia. _965659 |
|
| 852 |
_aES-MaACL _jG-7386 _bR.65629 |
||
| 999 |
_c61493 _d61493 |
||